LEADER 01397nam a2200277 i 4500 001 000000057286 003 CaOOAMICUS 005 20090612000000.0 008 090612s1997 it u000 u ita u 013 $a28458 040 $aSeMil$bita 100 1 $aOttonello, Franco.$0(OLS)http://semarc/name/6502 240 13$aLa logica magica dell'ontocoscienzialismo.$0(OLS)http://semarc/title/89135 245 13$aLa logica "magica" dell'ontocoscienzialismo :$bnote sull'ultima fase del pensiero di Pantaleo Carabellese /$cdi Franco Ottonello. 260 $aGenova :$bPantograf,$c1997. 300 $a198 p. ;$c21 cm. 490 0 $aPubblicazioni ;$v55 500 $aIn appendice: L'attività spirituale umana: prime linee di logica dell'essere (anno accademico 1947-48): scelta di brani, di P. Carabellese. 600 14$aCarabellese, Pantaleo <1877-1948>.$0(OLS)http://semarc/subject/10207 700 1 $aCarabellese, Pantaleo.$0(OLS)http://semarc/name/29099 830 0$aPubblicazioni ;$v55.$0(OLS)http://semarc/title/12761 850 $aSeMil 852 $aSeMil$W1$xVenegono$y1$m2Q IV 360$j23440$B23440$CSeMilBibl$Z2$F23442 $81 961 $aOmaggio: Scuola Cattolica 996 $6245$aLa logica "magica" dell'ontocoscienzialismo :$bnote sull'ultima fase del pensiero di Pantaleo Carabellese$9(OLS)http://semarc/title/89134 996 $6260$aGenova :$bPantograf$9(OLS)http://semarc/publisher/39771 LEADER 01777nam a2200349 i 4500 001 000000079072 003 CaOOAMICUS 005 20031015000000.0 008 031015s2003 be u000 u fre u 013 $a51309 020 $a90-5867-283-2 020 $a90-429-1238-3 040 $aSeMil$bita 100 1 $aDieudonné, Philippe.$0(OLS)http://semarc/name/38407 245 13$aLa paix clémentine :$bdéfaite et victoire du premier jansénisme français sous le pontificat de Clément 9. (1667-1669) /$cPar P. Dieudonné. 260 $aLeuven ; Paris ; Dudley (MA) :$bUitgeverij Peeters,$c2003. 260 $aLeuven :$bUniversity Press,$c2003. 300 $aXXXIX, 302,8 p. ;$c25 cm. 490 0 $aBibliotheca Ephemeridum Theologicarum Lovaniensium ;$v167. 500 $aContiene : Bibliographie ; Annexes. 600 04$aClemente IX .$0(OLS)http://semarc/subject/15948 650 4$aChiesa - Francia - Storia.$0(OLS)http://semarc/subject/1545 650 4$aGiansenismo.$0(OLS)http://semarc/subject/2623 830 0$aBibliotheca Ephemeridum Theologicarum Lovaniensium ;$v167.$0(OLS)http://semarc/title/108 850 $aSeMil 852 $aSeMil$W1$xVenegono$y1$m2IA A 167$j44834$B44834$CSeMilBibl$Z2$F46668 $81 961 $aSottoscrizione: Glossa 996 $6020$a90-5867-283-2$9(OLS)http://semarc/number/60475 996 $6020$a90-429-1238-3$9(OLS)http://semarc/number/60476 996 $6245$aLa paix clémentine :$bdéfaite et victoire du premier jansénisme français sous le pontificat de Clément 9. (1667-1669)$9(OLS)http://semarc/title/127175 996 $6260$aLeuven :$bUniversity Press$9(OLS)http://semarc/publisher/30124 996 $6260$aLeuven ; Paris ; Dudley (MA) :$bUitgeverij Peeters$9(OLS)http://semarc/publisher/34531